000 00258nam a22001217a 4500
082 _a823
_bOSC/T
100 _aWILDE, OSCAR
245 _aTALES OF OSCAR WILDE
260 _aDELHI
_bS CHAND & CO
300 _a108
650 _aENGLISH STORY
_zINDIA
942 _cBK
999 _c7321
_d7321